000
002470000a22000970004500
100
1
_a
Auffret, Pierre
245
1
0
_a
Étude structurelle du psaume 2
300
_a
vol. 59, núm 2 (2001), Páginas 307-323
773
0
_t
Estudios Bíblicos
942
_c
ANA
999
_c
50247
_d
50247